Statistics for Premier League Goalscorers By First Name

Click here to take the quiz!

General Stats

  • This quiz has been taken 16 times
  • The average score is 27 of 43

Answer Stats

NameGoalsAnswer% Correct
Thierry175Henry
100%
Harry113Kane
100%
Romelu105Lukaku
100%
Sergio149Aguero
93%
Wayne208Rooney
93%
Ruud95Van Nistelrooy
87%
Frank177Lampard
87%
Alan260Shearer
87%
Craig81Bellamy
87%
Didier104Drogba
87%
Robin144Van Persie
80%
Dennis87Bergkamp
80%
Andrew/Andy187Cole
80%
Dimitar94Berbatov
80%
Teddy146Sheringham
80%
Fernando85Torres
80%
Peter108Crouch
73%
Les149Ferdinand
73%
Michael150Owen
73%
Steven/Stephen123Gerrard
73%
Ian113Wright
73%
Emile110Heskey
73%
Nicolas125Anelka
67%
Darren 106Bent
67%
Dwight123Yorke
67%
Jermaine162Defoe
67%
Ryan110Giggs
60%
Matthew100Le Tissier
60%
Emmanuel97Adebayor
53%
Paul107Scholes
53%
Louis85Saha
53%
Robbie/Robert163Fowler
53%
Gary80Speed
47%
Dion113Dublin
47%
Mark92Viduka
40%
Jimmy/James142Floyd Hasselbaink
33%
Trevor52Sinclair
27%
Kevin92Phillips
20%
Noel44Whelan
13%
Jason56Euell
13%
Brian71Deane
13%
Lee57Bowyer
7%
John55Hartson
0%

Score Distribution

Percentile by Number Answered

Percent of People with Each Score

Your Score History

You have not taken this quiz